Statistics for Countries by Canals

Click here to take the quiz!

General Stats

  • This quiz has been taken 80 times
  • The average score is 14 of 20

Answer Stats

HintAnswer% Correct
Panama CanalPanama
100%
Suez CanalEgypt
96%
Glastonbury CanalUnited Kingdom
94%
Dubai CanalUnited Arab Emirates
90%
Erie CanalUnited States
89%
Canal du MidiFrance
86%
Kiel CanalGermany
86%
White Sea-Baltic CanalRussia
86%
LingquChina
79%
Corinth CanalGreece
75%
Carillon CanalCanada
74%
Danube-Black Sea CanalRomania
74%
Candiano CanalItaly
72%
HerengrachtNetherlands
68%
DotonboriJapan
64%
Buckingham CanalIndia
61%
Ara CanalSouth Korea
43%
Thal CanalPakistan
33%
Grand Backa CanalSerbia
22%
Great Fergana CanalTajikistan or Uzbekistan
19%

Score Distribution

Percentile by Number Answered

Percent of People with Each Score

Your Score History

You have not taken this quiz